|
|
|
|
| LEADER |
00664nam a22001817a 4500 |
| 082 |
|
|
|a 894.M2
|b GEO2/A K4
|
| 100 |
|
|
|a പറവൂര് ജോര്ജ്;
|9 182984
|
| 100 |
|
|
|a Parur George
|9 182985
|
| 240 |
|
|
|a Akshayapathram
|
| 245 |
|
|
|a അക്ഷയപാത്രം
|
| 250 |
|
|
|a 1st
|
| 260 |
|
|
|a Ernakulam;
|b C I C C Book House;
|c 1964
|
| 300 |
|
|
|a 112p.
|
| 650 |
|
|
|a മലയാളം; നാടകം
|9 182986
|
| 650 |
|
|
|a Malayalam; Drama
|9 182987
|
| 942 |
|
|
|c BK
|
| 999 |
|
|
|c 37457
|d 37457
|
| 952 |
|
|
|0 0
|1 0
|4 0
|6 894_000000000000000_M2_GEO2_A_K4
|7 0
|8 DRA
|9 42096
|a MAL
|b MAL
|d 2015-06-16
|e 7471
|g 1.50
|l 0
|o 894.M2 GEO2/A K4
|p MAL007471
|r 2015-06-16
|t 1
|w 2015-06-16
|y BK
|